00538nam a2200181Ia 4500003000900000008004100009020001800050040001600068080001300084100001800097245004700115260006100162300001000223490006800233650002100301650001700322650001700339IN-BaIIA211028s9999 xx 000 0 eng d a81-900989-0-X cIIA Library a533bMOH aMohanty, B. C 0aPlanetary electrodynamics-IcB. C. Mohanty aBhubaneswarbSamanta Chandra Sekhar Smruti Parisadc1998 a126p. aDynamics of universe interplay of matter space and charge; v. 1 aCelestial bodies aGeomagnetism aSolar system